| 000 | 00333nam a2200133Ia 4500 | ||
|---|---|---|---|
| 005 | 20260328101442.0 | ||
| 008 | 260328s9999||||xx |||||||||||||| ||und|| | ||
| 100 | _aLawson, P.J. | ||
| 245 | 0 |
_aPerspectiva para dibujantes / _cP.J. Lawson |
|
| 260 | _bGustavo Gili | ||
| 300 | _a265 p. | ||
| 650 | _aDIBUJO ARQUITECTÓNICO | ||
| 942 | _cBK | ||
| 999 |
_c8307 _d8307 |
||